{"text_format":"3","workbook":"xlsx","n_sheets":1,"sheets":["t252"],"read":"whole","date_system":"1900"}

{"sheet":"t252","index":0,"n_rows":173,"n_cols":7,"rows_kept":173,"merged":[[0,0,0,6],[28,0,28,5],[45,0,45,5],[143,0,143,5]]}
["TABELA 252.1 - Estatísticas Agrícolas, Município de Itanhaém, Estado de São Paulo, 2016/17."]
["ITEM","UNIDADE","N.DE UPAs","MÍNIMO","MÉDIO","MÁXIMO","TOTAL"]
["Distância à sede do município","km",96,{"v":0,"d":"0.0"},{"v":16.17,"d":"16.2"},{"v":30,"d":"30.0"},"-"]
["Área total","hectare",96,0.2,{"v":143.66,"d":"143.7"},{"v":1115,"d":"1,115.0"},{"v":13791.35,"d":"13,791.4"}]
["Área com cultura perene","hectare",69,0.1,{"v":30.19,"d":"30.2"},{"v":214,"d":"214.0"},{"v":2082.8,"d":"2,082.8"}]
["Área com cultura temporária","hectare",27,0.1,{"v":10.74,"d":"10.7"},{"v":100,"d":"100.0"},{"v":290,"d":"290.0"}]
["Área com pastagem","hectare",25,{"v":1,"d":"1.0"},{"v":44.74,"d":"44.7"},{"v":300,"d":"300.0"},{"v":1118.6,"d":"1,118.6"}]
["Área com reflorestamento","hectare",4,{"v":5,"d":"5.0"},{"v":15.75,"d":"15.8"},{"v":28,"d":"28.0"},{"v":63,"d":"63.0"}]
["Área com vegetação natural","hectare",87,0.1,{"v":110.16,"d":"110.2"},{"v":992,"d":"992.0"},{"v":9583.77,"d":"9,583.8"}]
["Área com vegetação de brejo e várzea","hectare",5,0.1,{"v":15.92,"d":"15.9"},71.5,79.6]
["Área em descanso","hectare",32,0.2,{"v":12.02,"d":"12.0"},{"v":116,"d":"116.0"},{"v":384.48,"d":"384.5"}]
["Área complementar","hectare",91,0.1,{"v":2.08,"d":"2.1"},{"v":30,"d":"30.0"},189.1]
["Área das UPAs com (0, 1] ha","hectare",4,0.2,0.3,0.4,1.2]
["Área das UPAs com (1, 2] ha","hectare","-","-","-","-","-"]
["Área das UPAs com (2, 5] ha","hectare",8,2.2,{"v":3.15,"d":"3.2"},4.2,25.2]
["Área das UPAs com (5, 10] ha","hectare",6,{"v":6,"d":"6.0"},{"v":8.13,"d":"8.1"},9.7,48.8]
["Área das UPAs com (10, 20] ha","hectare",8,11.2,{"v":13.68,"d":"13.7"},17.2,109.4]
["Área das UPAs com (20, 50] ha","hectare",28,22.9,{"v":34.95,"d":"35.0"},49.2,{"v":978.65,"d":"978.7"}]
["Área das UPAs com (50, 100] ha","hectare",12,{"v":52,"d":"52.0"},{"v":78.38,"d":"78.4"},97.3,940.5]
["Área das UPAs com (100, 200] ha","hectare",8,106.3,{"v":163.21,"d":"163.2"},{"v":200,"d":"200.0"},{"v":1305.7,"d":"1,305.7"}]
["Área das UPAs com (200, 500] ha","hectare",16,201.8,311.6,{"v":495,"d":"495.0"},{"v":4985.6,"d":"4,985.6"}]
["Área das UPAs com (500, 1.000] ha","hectare",4,621.5,{"v":807.33,"d":"807.3"},{"v":980,"d":"980.0"},{"v":3229.3,"d":"3,229.3"}]
["Área das UPAs com (1.000, 2.000] ha","hectare",2,{"v":1052,"d":"1,052.0"},{"v":1083.5,"d":"1,083.5"},{"v":1115,"d":"1,115.0"},{"v":2167,"d":"2,167.0"}]
["Área das UPAs com (2.000, 5.000] ha","hectare","-","-","-","-","-"]
["Área das UPAs com (5.000, 10.000] ha","hectare","-","-","-","-","-"]
["Área das UPAs acima de 10.000 ha","hectare","-","-","-","-","-"]
["Fonte: Secretaria de Agricultura e Abastecimento, CDRS/IEA, Projeto LUPA."]
[]
["TABELA 252.2 - Explorações Animais, Município de Itanhaém, Estado de São Paulo, 2016/17."]
["ITEM","UNIDADE","N.DE UPAs","MÍNIMO","MÉDIO","MÁXIMO","TOTAL"]
["Avicultura de corte","cabecas/ano",3,{"v":30,"d":"30.0"},{"v":526.67,"d":"526.7"},{"v":1500,"d":"1,500.0"},{"v":1580,"d":"1,580.0"}]
["Avicultura ornamental/decorativa/exotica","cabecas",2,{"v":20,"d":"20.0"},{"v":20,"d":"20.0"},{"v":20,"d":"20.0"},{"v":40,"d":"40.0"}]
["Avicultura para ovos","cabecas",2,{"v":30,"d":"30.0"},{"v":465,"d":"465.0"},{"v":900,"d":"900.0"},{"v":930,"d":"930.0"}]
["Bovinocultura de corte","cabecas",1,{"v":49,"d":"49.0"},{"v":49,"d":"49.0"},{"v":49,"d":"49.0"},{"v":49,"d":"49.0"}]
["Bovinocultura leiteira","cabecas",1,{"v":58,"d":"58.0"},{"v":58,"d":"58.0"},{"v":58,"d":"58.0"},{"v":58,"d":"58.0"}]
["Bovinocultura mista","cabecas",2,{"v":8,"d":"8.0"},36.5,{"v":65,"d":"65.0"},{"v":73,"d":"73.0"}]
["Bubalinocultura","cabecas",7,{"v":6,"d":"6.0"},{"v":101.29,"d":"101.3"},{"v":300,"d":"300.0"},{"v":709,"d":"709.0"}]
["Caprinocultura","cabecas",1,{"v":150,"d":"150.0"},{"v":150,"d":"150.0"},{"v":150,"d":"150.0"},{"v":150,"d":"150.0"}]
["Equinocultura","cabecas",2,{"v":3,"d":"3.0"},4.5,{"v":6,"d":"6.0"},{"v":9,"d":"9.0"}]
["Javalis (criadouro)","cabecas",1,{"v":55,"d":"55.0"},{"v":55,"d":"55.0"},{"v":55,"d":"55.0"},{"v":55,"d":"55.0"}]
["Ovinocultura","cabecas",3,{"v":23,"d":"23.0"},{"v":120,"d":"120.0"},{"v":190,"d":"190.0"},{"v":360,"d":"360.0"}]
["Piscicultura","m2 tanques",13,{"v":100,"d":"100.0"},{"v":3776.92,"d":"3,776.9"},{"v":30000,"d":"30,000.0"},{"v":49100,"d":"49,100.0"}]
["Suinocultura","cabecas",1,{"v":306,"d":"306.0"},{"v":306,"d":"306.0"},{"v":306,"d":"306.0"},{"v":306,"d":"306.0"}]
["Fonte: Secretaria de Agricultura e Abastecimento, CDRS/IEA, Projeto LUPA."]
[]
["TABELA 252.3 -  Máquinas, Implementos e Benfeitorias, Município de Itanhaém, Estado de São Paulo, 2016/17."]
["ITEM","UNIDADE","N.DE UPAs","MÍNIMO","MÉDIO","MÁXIMO","TOTAL"]
["Arado comum (bacia, aiveca)","unidade",4,{"v":1,"d":"1.0"},{"v":1,"d":"1.0"},{"v":1,"d":"1.0"},{"v":4,"d":"4.0"}]
["Arado escarificador","unidade",5,{"v":1,"d":"1.0"},{"v":1,"d":"1.0"},{"v":1,"d":"1.0"},{"v":5,"d":"5.0"}]
["Camara fria","unidade",4,{"v":2,"d":"2.0"},{"v":4.75,"d":"4.8"},{"v":6,"d":"6.0"},{"v":19,"d":"19.0"}]
["Carreta de trator","unidade",1,{"v":1,"d":"1.0"},{"v":1,"d":"1.0"},{"v":1,"d":"1.0"},{"v":1,"d":"1.0"}]
["Computador","unidade",1,{"v":1,"d":"1.0"},{"v":1,"d":"1.0"},{"v":1,"d":"1.0"},{"v":1,"d":"1.0"}]
["Conj.irrigacao autopropelido","unidade",1,{"v":1,"d":"1.0"},{"v":1,"d":"1.0"},{"v":1,"d":"1.0"},{"v":1,"d":"1.0"}]
["Conj.irrigacao convencional","unidade",2,{"v":1,"d":"1.0"},1.5,{"v":2,"d":"2.0"},{"v":3,"d":"3.0"}]
["Desintegrador, picador, triturador","unidade",9,{"v":1,"d":"1.0"},{"v":1.56,"d":"1.6"},{"v":4,"d":"4.0"},{"v":14,"d":"14.0"}]
["Distribuidor de calcario","unidade",2,{"v":1,"d":"1.0"},1.5,{"v":2,"d":"2.0"},{"v":3,"d":"3.0"}]
["Grade aradora (tipo romi)","unidade",7,{"v":1,"d":"1.0"},{"v":1,"d":"1.0"},{"v":1,"d":"1.0"},{"v":7,"d":"7.0"}]
["Grade niveladora","unidade",6,{"v":1,"d":"1.0"},{"v":1.17,"d":"1.2"},{"v":2,"d":"2.0"},{"v":7,"d":"7.0"}]
["Misturador de racao","unidade",1,{"v":1,"d":"1.0"},{"v":1,"d":"1.0"},{"v":1,"d":"1.0"},{"v":1,"d":"1.0"}]
["Mmicrotrator","unidade",17,{"v":1,"d":"1.0"},{"v":1.53,"d":"1.5"},{"v":4,"d":"4.0"},{"v":26,"d":"26.0"}]
["Pulverizador tratorizado","unidade",2,{"v":1,"d":"1.0"},{"v":1,"d":"1.0"},{"v":1,"d":"1.0"},{"v":2,"d":"2.0"}]
["Resfriador de leite, tanque expansao","unidade",1,{"v":1,"d":"1.0"},{"v":1,"d":"1.0"},{"v":1,"d":"1.0"},{"v":1,"d":"1.0"}]
["Roçadeira costal","unidade",4,{"v":1,"d":"1.0"},{"v":1.75,"d":"1.8"},{"v":4,"d":"4.0"},{"v":7,"d":"7.0"}]
["Roçadora","unidade",1,{"v":1,"d":"1.0"},{"v":1,"d":"1.0"},{"v":1,"d":"1.0"},{"v":1,"d":"1.0"}]
["Semeadeira/adubadeira para plantio convencional","unidade",1,{"v":1,"d":"1.0"},{"v":1,"d":"1.0"},{"v":1,"d":"1.0"},{"v":1,"d":"1.0"}]
["Trator de esteiras","unidade",5,{"v":1,"d":"1.0"},1.6,{"v":4,"d":"4.0"},{"v":8,"d":"8.0"}]
["Trator de pneus até 65 cv","unidade",4,{"v":1,"d":"1.0"},{"v":1,"d":"1.0"},{"v":1,"d":"1.0"},{"v":4,"d":"4.0"}]
["Trator de pneus de 66 cv a 85 cv","unidade",14,{"v":1,"d":"1.0"},{"v":1.57,"d":"1.6"},{"v":5,"d":"5.0"},{"v":22,"d":"22.0"}]
["Acude/represa","unidade",5,{"v":1,"d":"1.0"},2.8,{"v":10,"d":"10.0"},{"v":14,"d":"14.0"}]
["Almoxarifado/oficina","unidade",14,{"v":1,"d":"1.0"},{"v":1.79,"d":"1.8"},{"v":5,"d":"5.0"},{"v":25,"d":"25.0"}]
["Armazem para graos ensacados","sacas",2]
["Balanca para bovinos","unidade",2,{"v":1,"d":"1.0"},1.5,{"v":2,"d":"2.0"},{"v":3,"d":"3.0"}]
["Barracao para cultivo de cogumelo","unidade",1,{"v":1,"d":"1.0"},{"v":1,"d":"1.0"},{"v":1,"d":"1.0"},{"v":1,"d":"1.0"}]
["Barracao para granja/avicultura","unidade",9,{"v":1,"d":"1.0"},{"v":1,"d":"1.0"},{"v":1,"d":"1.0"},{"v":9,"d":"9.0"}]
["Barracao/galpao/garagem","unidade",31,{"v":1,"d":"1.0"},{"v":1.35,"d":"1.4"},{"v":3,"d":"3.0"},{"v":42,"d":"42.0"}]
["Biodigestor","unidade",1,{"v":2,"d":"2.0"},{"v":2,"d":"2.0"},{"v":2,"d":"2.0"},{"v":2,"d":"2.0"}]
["Casa de moradia habitada","unidade",84,{"v":1,"d":"1.0"},{"v":2.75,"d":"2.8"},{"v":26,"d":"26.0"},{"v":231,"d":"231.0"}]
["Casa de moradia total","unidade",87,{"v":1,"d":"1.0"},{"v":4.62,"d":"4.6"},{"v":49,"d":"49.0"},{"v":402,"d":"402.0"}]
["Curral/mangueira","unidade",4,{"v":1,"d":"1.0"},{"v":2.75,"d":"2.8"},{"v":8,"d":"8.0"},{"v":11,"d":"11.0"}]
["Deposito/tulha","unidade",8,{"v":1,"d":"1.0"},{"v":1.13,"d":"1.1"},{"v":2,"d":"2.0"},{"v":9,"d":"9.0"}]
["Estabulo","unidade",3,{"v":1,"d":"1.0"},{"v":1,"d":"1.0"},{"v":1,"d":"1.0"},{"v":3,"d":"3.0"}]
["Estufa/plasticultura","m2",4]
["Fabrica de racao","unidade",4,{"v":1,"d":"1.0"},{"v":1,"d":"1.0"},{"v":1,"d":"1.0"},{"v":4,"d":"4.0"}]
["Instalacoes para equinos","unidade",2,{"v":1,"d":"1.0"},{"v":7,"d":"7.0"},{"v":13,"d":"13.0"},{"v":14,"d":"14.0"}]
["Maquina de beneficio","unidade",2,{"v":1,"d":"1.0"},{"v":1,"d":"1.0"},{"v":1,"d":"1.0"},{"v":2,"d":"2.0"}]
["Packing house","unidade",7,{"v":1,"d":"1.0"},{"v":1,"d":"1.0"},{"v":1,"d":"1.0"},{"v":7,"d":"7.0"}]
["Pocilga","unidade",7,{"v":1,"d":"1.0"},{"v":1,"d":"1.0"},{"v":1,"d":"1.0"},{"v":7,"d":"7.0"}]
["Poco semi-artesiano","unidade",1,{"v":1,"d":"1.0"},{"v":1,"d":"1.0"},{"v":1,"d":"1.0"},{"v":1,"d":"1.0"}]
["Silo para silagem","ton",2]
["Fonte: Secretaria de Agricultura e Abastecimento, CDRS/IEA, Projeto LUPA."]
[]
["TABELA 252.4 - Outras Estatísticas Agrícolas, Município de Itanhaém, Estado de São Paulo, 2016/17."]
["ITEM","Número de UPAs",null,"Percentual"]
["Faz Parte de Associação de Produtores",21,null,{"v":21.875,"d":"21.9"}]
["Faz Parte de Cooperativa de Produtores",3,null,{"v":3.125,"d":"3.1"}]
["Faz Parte do Sindicato de Produtores",1,null,{"v":1.0416666666666667,"d":"1.0"}]
["Não utiliza assistência técnica ",47,null,{"v":48.958333333333336,"d":"49.0"}]
["Utiliza somente assistência técnica governamental ",29,null,{"v":30.208333333333332,"d":"30.2"}]
["Utiliza somente assistência técnica privada ",13,null,{"v":13.541666666666666,"d":"13.5"}]
["Utiliza assistência técnica tanto governamental quanto privada",7,null,{"v":7.291666666666667,"d":"7.3"}]
["Utiliza Crédito Rural",11,null,{"v":11.458333333333332,"d":"11.5"}]
["Utiliza Seguro Rural",1,null,{"v":1.0416666666666667,"d":"1.0"}]
["Utiliza Escrituração Agrícola",49,null,{"v":51.04166666666667,"d":"51.0"}]
["Acessa Internet p/ Fins na Agropecuária",8,null,{"v":8.333333333333334,"d":"8.3"}]
["Utiliza Computador nas Atividades Agropecuárias",8,null,{"v":8.333333333333334,"d":"8.3"}]
["Utiliza Energia Elétrica Para Uso na Atividade Agrícola",80,null,{"v":83.33333333333333,"d":"83.3"}]
["Utiliza Energia Alternativa","-",null,"-"]
["Realiza Análise de Solo, quando necessário",14,null,{"v":14.583333333333334,"d":"14.6"}]
["Realiza Calagem",20,null,{"v":20.833333333333332,"d":"20.8"}]
["Utiliza Práticas de Conservação de Solo, quando necessário",13,null,{"v":13.541666666666668,"d":"13.5"}]
["Faz Adubação Mineral, quando necessário",63,null,{"v":65.625,"d":"65.6"}]
["Faz Adubação Orgânica, quando necessário",57,null,{"v":59.375,"d":"59.4"}]
["Faz Adubação Verde, quando necessário",6,null,{"v":6.25,"d":"6.3"}]
["Utiliza Manejo Integrado de Pragas (MIP)","-",null,"-"]
["Utiliza Hidroponia",2,null,{"v":2.0833333333333335,"d":"2.1"}]
["Utiliza Cultivo em Estufa",4,null,{"v":4.166666666666667,"d":"4.2"}]
["Utiliza Mudas Fiscalizadas",5,null,{"v":5.208333333333334,"d":"5.2"}]
["Utiliza Semente Melhorada",3,null,{"v":3.125,"d":"3.1"}]
["Faz Confinamento de Bovinos","-",null,"-"]
["Utiliza Pastejo Intensivo",4,null,{"v":4.166666666666667,"d":"4.2"}]
["Faz Inseminação Artificial",1,null,{"v":1.0416666666666667,"d":"1.0"}]
["Faz Mineralização do Rebanho",6,null,{"v":6.25,"d":"6.3"}]
["Faz Vermifugação do Rebanho",6,null,{"v":6.25,"d":"6.3"}]
["Possui Parceiros /Arrendatários na Exploração Animal",10,null,{"v":10.416666666666666,"d":"10.4"}]
["Existência de trabalhadores c/ deficiência na UPA","-",null,"-"]
["Esporte e lazer",4,null,{"v":4.166666666666667,"d":"4.2"}]
["Extração mineral",2,null,{"v":2.0833333333333335,"d":"2.1"}]
["Hotel Fazenda, Pousada ou SPA",1,null,{"v":1.0416666666666667,"d":"1.0"}]
["Pesque-pague",2,null,{"v":2.0833333333333335,"d":"2.1"}]
["Restaurante ou Lanchonete",1,null,{"v":1.0416666666666667,"d":"1.0"}]
["Transformação artesanal",2,null,{"v":2.0833333333333335,"d":"2.1"}]
["Turismo rural ou ecoturismo",1,null,{"v":1.0416666666666667,"d":"1.0"}]
["Outras atividades econômicas rurais","-",null,"-"]
["Agroindústria",1,null,{"v":1.0416666666666667,"d":"1.0"}]
["Proprietário sem instrução ou com instrução incompleta",1,null,{"v":1.0416666666666667,"d":"1.0"}]
["Proprietário com antigo primário completo",6,null,{"v":6.25,"d":"6.3"}]
["Proprietário com 1° grau (ou antigo ginasial) completo",12,null,12.5]
["Proprietário com 2° grau (ou antigo colegial) completo",41,null,{"v":42.70833333333333,"d":"42.7"}]
["Proprietário com curso superior completo ",16,null,{"v":16.666666666666668,"d":"16.7"}]
["Pessoa Jurídica",20,null,{"v":20.833333333333332,"d":"20.8"}]
["Proprietário residente na própria UPA ",12,null,12.5]
["Fonte: Secretaria de Agricultura e Abastecimento, CDRS/IEA, Projeto LUPA."]
[]
["TABELA 252.5 - Área Cultivada, Município de Itanhaém, Estado de São Paulo, 2016/17."]
["CULTURA","N.DE UPAs","MÍNIMO","MÉDIO","MÁXIMO","TOTAL"]
["Banana",58,0.1,{"v":30.29,"d":"30.3"},{"v":200,"d":"200.0"},{"v":1757.1,"d":"1,757.1"}]
["Outras gramineas para pastagem",21,{"v":1,"d":"1.0"},{"v":36.56,"d":"36.6"},{"v":250,"d":"250.0"},767.7]
["Braquiaria",7,3.5,{"v":47.19,"d":"47.2"},{"v":178,"d":"178.0"},330.3]
["Pupunha",18,0.5,{"v":16.89,"d":"16.9"},{"v":94,"d":"94.0"},304.1]
["Palmito",9,0.2,{"v":24.51,"d":"24.5"},{"v":100,"d":"100.0"},220.6]
["Eucalipto",3,{"v":5,"d":"5.0"},{"v":12.67,"d":"12.7"},{"v":28,"d":"28.0"},{"v":38,"d":"38.0"}]
["Pinus",1,{"v":25,"d":"25.0"},{"v":25,"d":"25.0"},{"v":25,"d":"25.0"},{"v":25,"d":"25.0"}]
["Capim-napier (ou capim-elefante)",4,0.8,{"v":5.15,"d":"5.2"},{"v":11,"d":"11.0"},20.6]
["Mandioca",8,0.2,{"v":2.34,"d":"2.3"},{"v":11,"d":"11.0"},18.7]
["Chuchu",5,{"v":2,"d":"2.0"},{"v":2.68,"d":"2.7"},3.6,13.4]
["Milho-silagem",1,{"v":10,"d":"10.0"},{"v":10,"d":"10.0"},{"v":10,"d":"10.0"},{"v":10,"d":"10.0"}]
["Pomar domestico",9,0.1,1.1,{"v":2,"d":"2.0"},9.9]
["Cana-de-acucar outras finalidades",1,{"v":8,"d":"8.0"},{"v":8,"d":"8.0"},{"v":8,"d":"8.0"},{"v":8,"d":"8.0"}]
["Outras culturas temporárias",1,7.5,7.5,7.5,7.5]
["Limao",1,{"v":6,"d":"6.0"},{"v":6,"d":"6.0"},{"v":6,"d":"6.0"},{"v":6,"d":"6.0"}]
["Couve (ou couve-crespa)",2,{"v":1,"d":"1.0"},{"v":2,"d":"2.0"},{"v":3,"d":"3.0"},{"v":4,"d":"4.0"}]
["Maracuja",1,3.6,3.6,3.6,3.6]
["Laranja-azeda",1,{"v":3,"d":"3.0"},{"v":3,"d":"3.0"},{"v":3,"d":"3.0"},{"v":3,"d":"3.0"}]
["Caqui",1,2.7,2.7,2.7,2.7]
["Batata-doce",2,0.4,0.7,{"v":1,"d":"1.0"},1.4]
["Alface",5,0.1,{"v":0.18,"d":"0.2"},0.5,0.9]
["Viveiro de flores e ornamentais",1,0.5,0.5,0.5,0.5]
["Inhame",1,0.5,0.5,0.5,0.5]
["Outros viveiros",2,0.2,0.2,0.2,0.4]
["Horta domestica",3,0.1,0.1,0.1,0.3]
["Abobora (ou jerimum)",1,0.2,0.2,0.2,0.2]
["Cogumelo",1,0.1,0.1,0.1,0.1]
["Fonte: Secretaria de Agricultura e Abastecimento, CDRS/IEA, Projeto LUPA."]